| 000 | 00581cam a2200181 a 4500 | ||
|---|---|---|---|
| 001 | 2630931 | ||
| 005 | 20250628101935.0 | ||
| 008 | 990429s1999 mnu b 001 0 eng | ||
| 020 | _a0800631765 (alk. paper) | ||
| 050 | 0 | 0 |
_aBS1192.5 _b.B77 1999 |
| 082 | 0 | 0 |
_a230/.0411 _221 |
| 100 | 1 | _aBrueggemann, Walter. | |
| 245 | 1 | 4 |
_aThe covenanted self : _bexplorations in law and covenant / _cWalter Brueggemann ; edited by Patrick D. Miller. |
| 260 |
_aMinneapolis, MN : _bFortress Press, _cc1999. |
||
| 300 |
_axi, 148 p. ; _c23 cm. |
||
| 700 | 1 | _aMiller, Patrick D. | |
| 942 |
_2lcc _cBK _n0 |
||
| 999 |
_c6752 _d6752 |
||